Movies Quiz

Random Movies Quiz

Hot Fuzz Characters Quiz Stats

 Plays Quiz not verified by Sporcle

Challenge
Share
Tweet
Embed
Score 0/20 Timer 07:00
0 Plays Today
2007 % Correct
Nick FrostDanny Butterman
96.2%
Simon PeggNicholas Angel
91.5%
Timothy DaltonSimon Skinner
72.8%
Jim BroadbentFrank Butterman
68.5%
Olivia ColmanDoris Thatcher
61.5%
Bill NighyChief Inspector
61%
Rafe SpallAndy Cartwright
59.2%
Stephen MerchantPeter Ian Staker
52.1%
Paddy ConsidlineAndy Wainwright
52.1%
Martin FreemanMet Sergeant
43.7%
2007 % Correct
Adam BuxtonTim Messenger
42.7%
David ThrelfallMartin Blower
35.2%
Lucy PunchEve Draper
34.7%
Anne ReidLeslie Tiller
27.2%
Ron CookGeorge Merchant
23.9%
Julia DeakinMary Porter
19.7%
Edward WoodwardTom Weaver
19.2%
Peter WightRoy Porter
16.4%
Kevin EldonTony Fisher
16%
Bill BaileyTurner
16%

You're not logged in!

Compare scores with friends on all Sporcle quizzes.
Join for Free
OR
Log In

You Might Also Like...

Show Comments

Extras

Created May 2, 2012ReportNominate
Tags:2007, character, hot

Top Quizzes Today


Score Distribution

Your Account Isn't Verified!

In order to create a playlist on Sporcle, you need to verify the email address you used during registration. Go to your Sporcle Settings to finish the process.

Report this User

Report this user for behavior that violates our Community Guidelines.

Details: